000
00314nam a22001337a 4500
020
_q
PB.
040
_c
FIZZA ISHAQ
082
_a
624.171
_b
DEV
100
_a
MENON,DEVDAS.
_9
27158
245
_a
ADVANCED STRUCTURAL ANALYSIS /
_c
DEVDAS MENON.
260
_a
NAROSA ;
_c
2013.
300
_a
685 P. ;
942
_2
ddc
_c
BK
999
_c
589787
_d
589787